[Event "Wloclawek CC Classic 22nd"]
[Site "Wloclawek"]
[Date "2019.??.??"]
[Round "1"]
[White "Papis, Patryk"]
[Black "Tomczak, Grazyna"]
[Result "1-0"]
[WhiteElo "1421"]
[BlackElo "1250"]
[PlyCount "43"]
[EventDate "2019.04.??"]
[EventType "swiss"]
[EventRounds "7"]
[EventCountry "POL"]
[SourceTitle "EXT 2021"]
[Source "ChessBase"]
[SourceDate "2020.10.23"]
[SourceVersion "1"]
[SourceVersionDate "2020.10.23"]
[SourceQuality "1"]

1. d4 d6 2. c4 e6 3. Nc3 a6 4. e4 b6 5. Nf3 Bb7 6. Bd3 Nc6 7. 0-0 Qe7 8. d5 Na7 9. Re1 h6 10. e5 0-0-0 11. exd6 Qxd6 12. Ne5 Qe7 13. a4 g5 14. a5 Kb8 15. axb6 cxb6 16. Be3 Nc8 17. Rxa6 Bg7 18. Nc6+ Bxc6 19. dxc6 Qc7 20. Qa4 Na7 21. Bxb6 Qd6 22. Rxa7 1-0